Tiếp cận nghệ thuật thơ ca

Tác giả đi sâu vào phân tích cấu trúc thơ Việt Nam: Từ loại - hình tượng - Thể loại - Nhịp điệu, vần, ngữ điệu - Câu, đoạn, bài.

Guardat en:
Dades bibliogràfiques
Autor principal: Bùi, Công Hùng
Format: Llibre
Idioma:Undetermined
Publicat: Hà Nội Văn hóa Thông tin 2000
Matèries:
Etiquetes: Afegir etiqueta
Sense etiquetes, Sigues el primer a etiquetar aquest registre!
Thư viện lưu trữ: Trung tâm Học liệu Trường Đại học Cần Thơ
LEADER 00792nam a2200217Ia 4500
001 CTU_39647
008 210402s9999 xx 000 0 und d
020 |b 24.500đ 
020 |c 24500 
082 |a 808.1 
082 |b H513 
100 |a Bùi, Công Hùng 
245 0 |a Tiếp cận nghệ thuật thơ ca 
245 0 |c Bùi Công Hùng 
260 |a Hà Nội 
260 |b Văn hóa Thông tin 
260 |c 2000 
520 |a Tác giả đi sâu vào phân tích cấu trúc thơ Việt Nam: Từ loại - hình tượng - Thể loại - Nhịp điệu, vần, ngữ điệu - Câu, đoạn, bài. 
650 |a Poetry, theory of 
904 |i Nguyễn Quang Điền 
980 |a Trung tâm Học liệu Trường Đại học Cần Thơ